The assassination of Federico Garcia Lorca /

Uloženo v:
Podrobná bibliografie
Hlavní autor: Gibson, Ian, (1939- ) (Autor)
Médium: Kniha
Jazyk:angličtina
Vydáno: New York : Penguin Books, 1983
Témata:
Tagy: Přidat tag
Žádné tagy, Buďte první, kdo vytvoří štítek k tomuto záznamu!

MARC

LEADER 00000nam a22000007i 4500
001 IT\ICCU\UBO\3172965
003 ItRI
005 20260115231813.0
008 070327s1983 xxu|||||| ||||| |||||c
020 |a 0140064737 
040 |b ita  |c importazione bologna sebina 
041 7 |a eng  |2 ISO-639-2 
082 |a 861.6  |9 POESIA SPAGNOLA, 1900-1999  |2 21 
100 1 |a Gibson, Ian,  |d  (1939- )  |0 IT\ICCU\IEIV\015593  |4 aut 
245 1 4 |a The assassination of Federico Garcia Lorca /  |c Ian Gibson. 
260 |a New York :  |b Penguin Books,  |c 1983 
300 |a 272 p., [8] p. di tav. :  |b ill. ;  |c 20 cm. 
650 7 |a García Lorca, Federico 
942 |2 ddc  |c BK  |n 0 
952 |0 0  |1 0  |4 0  |6 DOC_868_620000000000000_GIB  |7 0  |9 12991  |a BO  |b BO  |d 2026-01-15  |i 1523  |l 0  |o DOC 868.620 GIB  |p BO1523  |r 2026-01-15 23:18:13  |w 2026-01-15  |x [Sebina 5] [1 v.]  |y BK  |z 1 v. 
999 |c 11125  |d 11125